00382nam a2200121 a 450000100100000000500170001000800410002702000150006804000250008308200140010824500860012226000520020800002153220200930011346.0100908s1984 xxua r 000 | spa d a0892131284 aDO-SdBNPbspacBNPHU axxxbH63800aThe Higher Taste :bA guide to gourmet vegetarian cooking and a karma-free diet . aLos Angeles :bBhaktivedanta Book Trust,c1984.